000 00485nam a2200157Ia 4500
003 GCL
008 140319s9999 xx 000 0 ara d
040 _aGCL /
_cGCL
082 0 4 _a004.1
_bهـ ت
100 1 _aهند محمد حامد
245 1 0 _aالتجارة الالكترونية فى المجال السياحى /
_cهند محمد حامد
300 _a276 ص ؛
_c24 سم
650 0 4 _aالإنترنت
650 0 4 _aالتجارة الالكترونية
942 _2ddc
_cBK
999 _c5132
_d5132